| 000 | 00480nam a2200181Ia 4500 | ||
|---|---|---|---|
| 008 | 230711s9999||||xx |||||||||||||| ||und|| | ||
| 020 | _a978-93-80308-05-0 | ||
| 041 | _aENG | ||
| 082 |
_a677.21 _bSH-E |
||
| 100 | _aShaikh,Tasnim N | ||
| 245 | 0 | _aEngineering Techniques of Ring Spinning | |
| 250 | _a1st Ed. | ||
| 260 |
_c2015 _aNew Delhi _bWoodhead Publishing Pvt Ltd |
||
| 300 | _a213p. | ||
| 650 | _aTextile Engineering | ||
| 700 | _aBhattacharya,Someshwar S | ||
| 942 | _cBK | ||
| 999 |
_c6526 _d6526 |
||